Svet okolo nás moja čítanka : pre 4. ročník všeobecných škôl

Bibliographic Details
Main Author: Kalná, Valéria (Author)
Other Authors: Rákosy, Anikó (Illustrator)
Format: Book
Language:Slovak
PhysicalDescription:115 s. ilustr. 24 cm
Published: Budapešť Nemzeti Tankönyvkiadó 1997
ISBN:9631882578
Subjects:

MARC

LEADER 00000nam a2200000 a 4500
001 vtls001347460
003 SK-MaSNL
005 20260301200740.0
008 240318s1997 hu a r slo
015 |a SNBZSA1998-00435 
020 |a 9631882578 
035 |a SNK000300721 
035 |a urn:nbn:sk:snk-amkiez 
035 |a urn:nbn:sk:snk-am008h6y 
035 |a B8AED0C4-F022-46C9-ADEC-0F6FFE712F6A 
040 |a SNK  |b slo  |c SNK  |e AACR2 
041 0 |a slo 
044 |a HU 
080 |a 372.41(075.2)  |2 1981 
100 1 |a Kalná, Valéria  |4 aut  |9 342872 
245 1 0 |a Svet okolo nás  |b moja čítanka : pre 4. ročník všeobecných škôl  |c Valéria Kalná 
260 |a Budapešť  |b Nemzeti Tankönyvkiadó  |c 1997 
300 |a 115 s.  |b ilustr.  |c 24 cm 
500 |a Grafika Anikó Rákosy 
650 0 7 |a čítanie  |x učebnice všeobec. škôl (4. roč.)  |z Maďarsko  |2 SNK  |9 580351 
655 7 |a učebnice  |2 SNK  |9 22521 
700 1 |a Rákosy, Anikó  |4 ill  |9 288774 
919 |a 963-18-8257-8 
958 |a ZS 
958 |a TL 
958 |a UX 
958 |a HU 
999 |c 891913  |d 893843 
952 |t P60, <03>, [BOOK], {603}  |a SNK  |b SNK  |y PREZ  |7 0  |p 17A0165759  |o snkSC 97127  |i snkV 1446/98  |0 0  |1 0  |4 0  |d 1998-11-05  |f 1  |l 0  |r 2025-09-16 00:00:00  |w 2026-02-24 
952 |t P60, <04>, [BOOK], {604}  |a SNK  |b SNK  |y VYP  |7 0  |p 17A0165758  |o snkSC 97127 D1  |i snkV 1447/98  |0 0  |1 0  |4 0  |d 1998-11-05  |l 0  |r 2005-01-02 00:00:00  |w 2026-02-24 
952 |t P60, <04>, [BOOK], {604}  |a SNK  |b SNK  |y VYP  |7 0  |p 17A0165757  |o snkSC 97127 D2  |i snkV 1448/98  |0 0  |1 0  |4 0  |d 1998-11-05  |l 0  |r 2005-01-02 00:00:00  |w 2026-02-24